Common Knowledge #10 - Statistics

General Stats
  • This quiz has been taken 2,151 times
  • The average score is 12 of 20
Answer Stats
Hint Answer % Correct
What is the most common training command taught to dogs? Sit
97%
The Statue of Liberty was given to the US by which country? France
95%
Which planet is known as the red planet? Mars
95%
Who starts first in chess? White
92%
In Greek mythology, who is the king of gods? Zeus
92%
How many phases of the moon are there? 8
90%
What is the hardest mineral? Diamond
84%
What’s the shortcut for the “copy” function on most computers? Control C
77%
How many bones do sharks have? 0
74%
Which Williams sister has won more Grand Slam titles? Serena
72%
How many total time zones are there in the world? 24
69%
The Minotaur has the body of a human and the head of a? Bull
69%
Which insect has been named America’s Top Nuisance Pest? Ant
51%
What is the lowest instrument in the brass family? Tuba
49%
What musical term is represented by a "p"? Piano
46%
In the U.S. agency TSA, what does the "T" stand for? Transportation
25%
Google Chrome, Safari, Firefox, and Explorer are different types of what? Web Browsers
21%
How many years is an eon in geology? A billion
18%
Relative to time, what does "AM" stand for? Ante Meridiem
16%
Which mammal doesn’t have vocal cords? Giraffe
14%
No matching quizzes found
Score Distribution
Percent of People with Each Score
Percentile by Number Answered
Your Score History
You have not taken this quiz